000
00297nam a2200133Ia 4500
008
200103s9999||||xx |||||||||||||| ||und||
040
_a
IMU-MPC
082
_a
Column-31
100
_a
HMSO
245
0
_a
Examples in Applied Mechanics
260
_b
HMSO, London
_c
1938
300
_a
204
942
_c
BK
999
_c
7530
_d
7530